000 00616nam a2200241 i 4500
001 C2-0257551
003 PPAK
005 20180727224506.0
008 040827s2003 nyu |||| ||||| | eng d
020 _a0743465059
040 _aPPAK
_beng
_cPPAK
_erda
082 0 4 _a823
_223
090 0 0 _a823
_bELL
_dG
100 1 _aEllison, James,
_eauthor
245 1 0 _aBeyond borders
264 1 _aNew York :
_bPocket Star Books ,
_c2003
300 _a284 pages ;
_c17 cm
336 _2rdacontent
_atext
337 _2rdamedia
_aunmediated
338 _2rdacarrier
_avolume
650 1 0 _aEnglish fiction
942 _ddc
_cB
999 _c69356
_d69356